Caracas en el Epistolario de Bello

Gespeichert in:
Bibliographische Detailangaben
1. Verfasser: Bello, Andrés
Format: Buch
Sprache:Undetermined
Veröffentlicht: Caracas, Venezuela La casa de Bello 1979
Schlagworte:
Tags: Tag hinzufügen
Keine Tags, Fügen Sie den ersten Tag hinzu!

MARC

LEADER 00000nam a2200000Ia 4500
008 170316s9999 xx 000 0 und d
040 |a cru BVZT 
090 |a 860 B-20c 
100 |a Bello, Andrés 
245 |a Caracas en el Epistolario de Bello 
260 |a Caracas, Venezuela 
260 |b La casa de Bello 
260 |c 1979 
300 |a 70 páginas 
650 |a LITERATURA LATINOAMERICANA 
999 |c 8396  |d 8396 
942 |c 15 D  |h 860 B-20c  |2 z